000 00572nam a2200217Ia 4500
001 15397
003 GE_BSU
008 181216s||||||||xx |||||||||||||| ||und||
040 _cGE_BSU
080 _a821.353.1-31
100 _aქუთათელი, ა.
245 _aპირისპირ.
245 _bრომანი
260 _aთბილისი
260 _bსაბჭოთა მწერალი
260 _c1949
300 _a232გვ.22სმ.
653 _aპირისპირ
653 _aრომანი.
942 _cBK
999 _c48500
_d48500